000 01566cam a22003974i 4500
003 PE-LiUPU
005 20250731184545.0
008 150625s r 000 0 d
035 _a(Sirsi) a31084
040 _aPE-LiUPU
_bspa
_cPE-LiUPU
_erda
082 0 4 _a909
_bP47
_221
100 1 _aPfandl, Ludwig,
_eautor.
245 1 0 _aCultura y costumbres del pueblo español de los siglos XVI y XVII.
264 1 _aBarcelona :
_bAraluce,
_c1929.
336 _atext
_2rdacontent
337 _aunmediated
_2rdamedia
338 _avolume
_2rdacarrier
505 0 _aFelipe II. - Los tres últimos reyes de la casa de Austria. - Sistema de Gobierno. - La inquisición. - La sociedad. - Orgullo nacional y sentoimiento de Honor. - Religiosidad, Supertición y Moral. - Educación, enseñanza; costumbres literarias. - El escritor y el libro. - La vida diaria. - Idealismo y realismo. - Textos para la historia de la cultura.
526 _aP136
526 _aP135
526 _aP134
526 _aP133
526 _aP144
526 _aP143
526 _aP87
526 _aP35
526 _aP20
526 _aP14
526 _aP10
526 _aP06
942 _2ddc
_cBOOK
949 _a909 P47
_wDEWEY
_c1
_i07076
_lCCODEBUL1
_mBUL
_p00.00
_r0
_sY
_tBOOK
_u2015-06-25
_xBIBLIOTECA
_zUNKNOWN
_0COMPRA
_o.STAFF. Colección General
596 _a1
999 _a909 P47
_wDEWEY
_c38599
_i07076
_f2021-11-8
_g5
_lCCODEBUL1
_mBUL
_r0
_sY
_tBOOK
_u2015-6-25
_xBIBLIOTECA
_zUNKNOWN
_0COMPRA
_o.STAFF. Colección General
_d38599
980 _81
_gALBERTO SANCHEZ Responsable de Automatización